Science Quiz

Random Science or Biology Quiz
Score 0/25 Timer 08:00
8 Plays Today
% Correct
Dolphin
97.9%
Eel
97%
Clownfish
96.1%
Lobster
92.4%
Flying Fish
91.9%
Seahorse
90.5%
Walrus
89.4%
Oyster
87.1%
Marlin
79.1%
Barracuda
76.7%
Tiger Shark
74.5%
Anchovy
68.3%
Grouper
61.1%
% Correct
Nautilus
54%
Unicornfish
50.4%
Velvetfish
47.3%
Halibut
45.1%
Zooplankton
31%
Queen Conch
24.3%
King Mackerel
23.1%
Pilot Whale
21.8%
Rabbitfish
19.7%
Japanese Spider Crab
19.5%
Isopod
17.1%
Yellowtail Snapper
5.7%
Remove Ads.
Support Sporcle.
Get the best of Sporcle when you Go Orange. This ad-free experience offers more features, more stats, and more fun while also helping to support Sporcle. Thank you for becoming a member.

You're not logged in!

Compare scores with friends on all Sporcle quizzes.
OR
Log In

Show Comments

Extras

Top Quizzes Today


Score Distribution

Your Account Isn't Verified!

In order to create a playlist on Sporcle, you need to verify the email address you used during registration. Go to your Sporcle Settings to finish the process.

Report this User

Report this user for behavior that violates our Community Guidelines.

Details: